| 000 | 00574nam a2200193 a 4500 | ||
|---|---|---|---|
| 005 | 20230512063726.0 | ||
| 008 | 991125s1967 mx 000 0 spa u | ||
| 035 | _aUPN01000029136 | ||
| 049 | _aSEP | ||
| 050 | 4 |
_aLB675.6 A48 _bR6.5 |
|
| 100 | 1 |
_aRobles Garibay, Ignacio _936341 |
|
| 245 | 1 | 0 |
_aIgnacio Manuel Altamirano / _cIgnacio Robles Garibay. |
| 260 |
_aMéxico : _bSEP, _c1967. |
||
| 300 | _a16 p. | ||
| 440 | 0 |
_aEducadores mexicanos ; _v6 |
|
| 600 | 1 | 4 |
_aALTAMIRANO, IGNACIO MANUEL, _d1834-1893 |
| 650 | 4 |
_aEducadores mexicanos _vBiografía _916883 |
|
| 905 | _aLibro | ||
| 999 |
_c29136 _d29136 |
||